| 000 | 00439nam a2200193Ia 4500 | ||
|---|---|---|---|
| 008 | 170918s9999 xx 000 0 und d | ||
| 020 | _a9780545198660 | ||
| 050 | _bS431 2008 | ||
| 100 | _aScotton, Rob | ||
| 245 | _aSplat the cat / | ||
| 245 | _cRob Scotton. | ||
| 260 | _aNew York : | ||
| 260 | _bScholastic, | ||
| 260 | _c2008 | ||
| 300 | _aunpaged : | ||
| 300 | _bcolored illustration ; | ||
| 300 | _c23cm. | ||
| 500 | _a390 | ||
| 999 |
_c341181 _d341181 |
||